| 000 | 00772nam a2200229Ia 4500 | ||
|---|---|---|---|
| 001 | 19760 | ||
| 003 | DO-CoUTE | ||
| 005 | 20260204212630.0 | ||
| 008 | 220104s9999 dr 000 0 spa d | ||
| 020 | _a978-9945-8860-8-5 | ||
| 040 |
_aDO-CoUTE _bspa _cDO-CoUTE |
||
| 041 | 0 | _aspa | |
| 082 | _aRD 001.42 R457m | ||
| 100 | 1 | _aReyes, Eufemia | |
| 245 | 1 | 0 | _aMetodología de la investigación científica:desde la propuesta de investigación, hacia la reflexión de los sujetos y prácticas en la indagación / Eufemia reyes |
| 260 | _aSanto Domingo,República Dominicana : Editorial Ortega, S.R.L | ||
| 300 | _a248 páginas | ||
| 650 | 4 | _aMetodología-Investigación | |
| 942 |
_2ddc _cBK |
||
| 999 |
_c21460 _d21460 |
||